[Event "ROM-chT"]
[Site "Baile Tusnad"]
[Date "2005.05.29"]
[Round "9"]
[White "Negulescu, Adrian"]
[Black "Sarkozi, Ferenc"]
[Result "1-0"]
[WhiteElo "2421"]
[BlackElo "1980"]
[PlyCount "81"]
[EventDate "2005.05.21"]
[EventType "team"]
[EventRounds "9"]
[EventCountry "ROU"]
[SourceTitle "CBM 106 Extra"]
[Source "ChessBase"]
[SourceDate "2005.07.01"]
[SourceVersion "1"]
[SourceVersionDate "2005.07.01"]
[SourceQuality "1"]

1. e4 c5 2. Nf3 d6 3. Bb5+ Bd7 4. Bxd7+ Nxd7 5. 0-0 Ngf6 6. Re1 Qc7 7. c3 e5 8. d4 cxd4 9. cxd4 Be7 10. Nc3 a6 11. Be3 0-0 12. Rc1 Qb8 13. Qb3 b5 14. a3 Re8 15. h3 Qb7 16. Bg5 exd4 17. Nxd4 h6 18. Bxf6 Nxf6 19. Nf5 Bf8 20. f3 Re5 21. Ne3 Rc5 22. Ncd5 Nd7 23. Qa2 Rac8 24. Qb1 Qc6 25. Rcd1 Ne5 26. b4 Rc4 27. Nxc4 bxc4 28. Qc2 Qb7 29. Qc3 g5 30. Re2 Bg7 31. Qe3 c3 32. Qb6 Qd7 33. Qxa6 c2 34. Rc1 Rc6 35. Qa8+ Kh7 36. Rexc2 Nxf3+ 37. Kf2 Rxc2+ 38. Rxc2 Nd4 39. Qc8 Qa7 40. Qc7 Qxa3 41. Qxf7 1-0

[Event "ROM-chT"]
[Site "Baile Tusnad"]
[Date "2005.05.26"]
[Round "6"]
[White "Nacu, Miron"]
[Black "Negulescu, Adrian"]
[Result "0-1"]
[WhiteElo "2187"]
[BlackElo "2421"]
[PlyCount "68"]
[EventDate "2005.05.21"]
[EventType "team"]
[EventRounds "9"]
[EventCountry "ROU"]
[SourceTitle "CBM 106 Extra"]
[Source "ChessBase"]
[SourceDate "2005.07.01"]
[SourceVersion "1"]
[SourceVersionDate "2005.07.01"]
[SourceQuality "1"]

1. d4 Nf6 2. c4 c5 3. d5 g6 4. Nc3 Bg7 5. e4 0-0 6. Nf3 d6 7. Be2 e6 8. 0-0 Re8 9. Nd2 Na6 10. Kh1 Nc7 11. a4 b6 12. f4 exd5 13. cxd5 Ba6 14. Bxa6 Nxa6 15. e5 dxe5 16. fxe5 Nxd5 17. Qf3 Nab4 18. Nde4 Rxe5 19. Qxf7+ Kh8 20. Bg5 Rxg5 21. Nxg5 Qxg5 22. Rae1 Ne3 23. Qb7 Rg8 24. Rf7 Nbd5 25. Rg1 Nxc3 26. bxc3 Nf5 27. Qf3 a5 28. Ra7 Qe3 29. Qxe3 Nxe3 30. Re1 Re8 31. Rxe3 Rxe3 32. Ra8+ Bf8 33. Rxf8+ Kg7 34. Rf1 Rxc3 0-1

[Event "ROM-chT"]
[Site "Baile Tusnad"]
[Date "2005.05.25"]
[Round "5"]
[White "Negulescu, Adrian"]
[Black "Toma Andreica, Alin"]
[Result "1/2-1/2"]
[WhiteElo "2421"]
[BlackElo "2249"]
[PlyCount "32"]
[EventDate "2005.05.21"]
[EventType "team"]
[EventRounds "9"]
[EventCountry "ROU"]
[SourceTitle "CBM 106 Extra"]
[Source "ChessBase"]
[SourceDate "2005.07.01"]
[SourceVersion "1"]
[SourceVersionDate "2005.07.01"]
[SourceQuality "1"]

1. d4 d5 2. Nf3 Nf6 3. c4 c6 4. e3 e6 5. Nc3 Be7 6. Be2 0-0 7. 0-0 dxc4 8. Bxc4 b5 9. Bd3 a6 10. Ne4 Nbd7 11. Qc2 Bb7 12. Rd1 Nxe4 13. Bxe4 Nf6 14. Bd3 Rc8 15. Qe2 Nd7 16. a3 c5 1/2-1/2

[Event "ROM-ch"]
[Site "Brasov"]
[Date "2004.11.23"]
[Round "2"]
[White "Nevednichy, Vladislav"]
[Black "Negulescu, Adrian"]
[Result "1/2-1/2"]
[WhiteElo "2552"]
[BlackElo "2422"]
[PlyCount "32"]
[EventDate "2004.11.20"]
[EventType "k.o."]
[EventRounds "5"]
[EventCountry "ROU"]
[SourceTitle "EXT 2006"]
[Source "ChessBase"]
[SourceDate "2005.11.24"]
[SourceVersion "1"]
[SourceVersionDate "2005.11.24"]
[SourceQuality "1"]

1. e4 c5 2. Nf3 d6 3. d4 cxd4 4. Nxd4 Nf6 5. Nc3 a6 6. a4 e5 7. Nf3 Be7 8. Bc4 0-0 9. 0-0 Nbd7 10. Be3 b6 11. Qd3 Bb7 12. Rad1 Qc7 13. Rfe1 Nc5 14. Bxc5 Qxc5 15. Nd2 Rfd8 16. Bb3 Bf8 1/2-1/2

[Event "ROM-chT"]
[Site "Tusnad"]
[Date "2004.05.03"]
[Round "3.5"]
[White "Negulescu, Adrian"]
[Black "Parligras, Mircea Emilian"]
[Result "1/2-1/2"]
[WhiteElo "2435"]
[BlackElo "2539"]
[PlyCount "21"]
[EventDate "2004.05.05"]
[EventType "team"]
[EventRounds "9"]
[EventCountry "ROU"]
[SourceTitle "EXT 2008"]
[Source "ChessBase"]
[SourceDate "2007.11.25"]
[SourceVersion "1"]
[SourceVersionDate "2007.11.25"]
[SourceQuality "1"]

1. d4 Nf6 2. Nf3 e6 3. e3 b6 4. Bd3 Bb7 5. 0-0 d5 6. Ne5 Nbd7 7. f4 Bd6 8. Nd2 Ne4 9. Nxe4 dxe4 10. Bb5 Bxe5 11. dxe5 1/2-1/2

[Event "ROM-ch"]
[Site "Satu Mare"]
[Date "2003.09.04"]
[Round "2.2"]
[White "Danilov, Vladimir"]
[Black "Negulescu, Adrian"]
[Result "1/2-1/2"]
[WhiteElo "2357"]
[BlackElo "2428"]
[PlyCount "66"]
[EventDate "2003.09.01"]
[EventType "k.o."]
[EventRounds "5"]
[EventCountry "ROU"]
[SourceTitle "CBM 096 Extra"]
[Source "ChessBase"]
[SourceDate "2003.10.22"]
[SourceVersion "2"]
[SourceVersionDate "2003.10.20"]
[SourceQuality "1"]

1. b3 d5 2. e3 Nf6 3. Bb2 e6 4. f4 c5 5. Bb5+ Bd7 6. Bxd7+ Qxd7 7. Nf3 Nc6 8. 0-0 Be7 9. Ne5 Qc7 10. d3 0-0 11. Nd2 Nxe5 12. Bxe5 Qd8 13. Qe2 Nd7 14. Nf3 Bf6 15. e4 Bxe5 16. fxe5 d4 17. Qd2 f6 18. exf6 Qxf6 19. Rf2 Ne5 20. Nxe5 Qxe5 21. Raf1 b6 22. a4 a5 23. g3 h6 24. Kg2 Qd6 25. Rf4 g5 26. Rf6 Rxf6 27. Rxf6 Kg7 28. Qf2 Rf8 29. e5 Qe7 30. Rxf8 Qxf8 31. Qxf8+ Kxf8 32. Kf3 Kf7 33. h3 Kg6 1/2-1/2

[Event "ROM-ch"]
[Site "Satu Mare"]
[Date "2003.09.01"]
[Round "1.1"]
[White "Bach, Adrian"]
[Black "Negulescu, Adrian"]
[Result "0-1"]
[WhiteElo "2278"]
[BlackElo "2428"]
[PlyCount "76"]
[EventDate "2003.09.01"]
[EventType "k.o."]
[EventRounds "5"]
[EventCountry "ROU"]
[SourceTitle "CBM 096 Extra"]
[Source "ChessBase"]
[SourceDate "2003.10.22"]
[SourceVersion "2"]
[SourceVersionDate "2003.10.20"]
[SourceQuality "1"]

1. e4 c6 2. d4 d5 3. Nc3 g6 4. h3 Bg7 5. Nf3 Nf6 6. e5 Ne4 7. Nxe4 dxe4 8. Ng5 c5 9. d5 Bxe5 10. Nxe4 0-0 11. c3 Nd7 12. Bh6 Re8 13. Qd2 Nf6 14. Nxf6+ Bxf6 15. Be2 Qd6 16. Bf4 Be5 17. Bxe5 Qxe5 18. f4 Qd6 19. 0-0 e6 20. c4 exd5 21. cxd5 Bf5 22. Rac1 Rad8 23. Bf3 Be4 24. Qc3 b6 25. Bxe4 Rxe4 26. f5 Re5 27. fxg6 hxg6 28. Qf3 Rd7 29. Kh1 Rxd5 30. Rce1 Re5 31. Rd1 Qe6 32. Rxd7 Qxd7 33. Rd1 Qe7 34. Qa8+ Kg7 35. Qb8 Re2 36. Rd8 Qf6 37. Kh2 Qxb2 38. Qd6 Qe5+ 0-1

[Event "World op 31st"]
[Site "Philadelphia"]
[Date "2003.07.06"]
[Round "9"]
[White "Negulescu, Adrian"]
[Black "Stolerman, Jack"]
[Result "1-0"]
[WhiteElo "2452"]
[BlackElo "2197"]
[PlyCount "65"]
[EventDate "2003.06.30"]
[EventType "swiss"]
[EventRounds "9"]
[EventCountry "USA"]
[SourceTitle "EXT 2004"]
[Source "ChessBase"]
[SourceDate "2003.11.25"]
[SourceVersion "1"]
[SourceVersionDate "2003.11.25"]
[SourceQuality "1"]

1. e4 c6 2. d4 d5 3. Nc3 dxe4 4. Nxe4 Bf5 5. Nc5 Qc7 6. Bd3 Bxd3 7. Nxd3 e6 8. Bf4 Bd6 9. Bxd6 Qxd6 10. Nf3 Nf6 11. 0-0 0-0 12. c4 Nbd7 13. Qb3 c5 14. Qa3 Rfc8 15. Rad1 Qc7 16. Nde5 cxd4 17. Nxd7 Nxd7 18. Rxd4 Ne5 19. Nxe5 Qxe5 20. Rfd1 h6 21. Qf3 Rc7 22. g3 Rf8 23. Qd3 Qf6 24. b3 b6 25. h4 h5 26. Kg2 g6 27. Qe3 Kh7 28. Rd7 Rfc8 29. R1d4 Kg7 30. Qd3 Kg8 31. Rf4 Rxd7 32. Qxd7 Rd8 33. Qc7 1-0

[Event "World op 31st"]
[Site "Philadelphia"]
[Date "2003.07.01"]
[Round "2"]
[White "Negulescu, Adrian"]
[Black "Yudasin, Leonid"]
[Result "1/2-1/2"]
[WhiteElo "2452"]
[BlackElo "2558"]
[PlyCount "29"]
[EventDate "2003.06.30"]
[EventType "swiss"]
[EventRounds "9"]
[EventCountry "USA"]
[SourceTitle "EXT 2004"]
[Source "ChessBase"]
[SourceDate "2003.11.25"]
[SourceVersion "1"]
[SourceVersionDate "2003.11.25"]
[SourceQuality "1"]

1. e4 c5 2. Nf3 d6 3. Bb5+ Nd7 4. d4 Ngf6 5. Nc3 a6 6. Bxd7+ Nxd7 7. 0-0 e6 8. dxc5 Nxc5 9. Bf4 Qb6 10. Rb1 Bd7 11. Nd2 Qc6 12. b4 e5 13. Be3 Na4 14. Nxa4 Qxa4 15. Nc4 1/2-1/2

[Event "ROM-ch"]
[Site "Curtea de Arges"]
[Date "2002.11.25"]
[Round "2.1"]
[White "Negulescu, Adrian"]
[Black "Berescu, Alin Mile"]
[Result "1/2-1/2"]
[WhiteElo "2438"]
[BlackElo "2429"]
[PlyCount "113"]
[EventDate "2002.12.07"]
[EventType "k.o."]
[EventRounds "5"]
[EventCountry "ROU"]
[SourceTitle "CBM 091 Extra"]
[Source "ChessBase"]
[SourceDate "2003.01.09"]
[SourceVersion "1"]
[SourceVersionDate "2003.01.09"]
[SourceQuality "1"]

1. d4 Nf6 2. Bg5 e6 3. e4 h6 4. Bxf6 Qxf6 5. Nc3 Bb4 6. Nge2 Nc6 7. e5 Qe7 8. Qd3 d6 9. a3 Bxc3+ 10. Qxc3 Bd7 11. g3 0-0-0 12. Bg2 Nb8 13. exd6 Qxd6 14. 0-0-0 g6 15. Nf4 g5 16. Qb3 Qb6 17. Qxb6 axb6 18. Nd3 Bc6 19. Bxc6 Nxc6 20. c3 f6 21. h4 Ne7 22. Rde1 Kd7 23. g4 Rde8 24. f3 Ng6 25. h5 Nf4 26. Nxf4 gxf4 27. Re4 e5 28. Kc2 Re7 29. Rhe1 Kd6 30. Kd3 Rd8 31. Kc4 Ra8 32. R4e2 Ra4+ 33. Kd3 b5 34. Re4 Ra8 35. Kc2 Ree8 36. R4e2 Ra4 37. Kd3 Kd5 38. Re4 Raa8 39. R1e2 b6 40. Rd2 Ke6 41. Kc2 Rad8 42. Rde2 Kd6 43. Kb3 c5 44. dxe5+ fxe5 45. c4 bxc4+ 46. Kxc4 Ra8 47. Kb5 Ra5+ 48. Kc4 b5+ 49. Kc3 Re7 50. Rd2+ Kc6 51. Rd8 Raa7 52. Rf8 Kd5 53. Re1 Ra4 54. Rd1+ Rd4 55. Rxd4+ exd4+ 56. Kd2 Kc4 57. Rxf4 1/2-1/2

[Event "ROM-ch"]
[Site "Curtea de Arges"]
[Date "2002.11.24"]
[Round "1.2"]
[White "Negulescu, Adrian"]
[Black "Nita, Lucian"]
[Result "1-0"]
[WhiteElo "2438"]
[BlackElo "2230"]
[PlyCount "61"]
[EventDate "2002.12.07"]
[EventType "k.o."]
[EventRounds "5"]
[EventCountry "ROU"]
[SourceTitle "CBM 091 Extra"]
[Source "ChessBase"]
[SourceDate "2003.01.09"]
[SourceVersion "1"]
[SourceVersionDate "2003.01.09"]
[SourceQuality "1"]

1. e4 c5 2. Nf3 Nc6 3. Bb5 g6 4. 0-0 Bg7 5. Re1 e5 6. c3 Nge7 7. d4 exd4 8. cxd4 Nxd4 9. Nxd4 Bxd4 10. Nc3 0-0 11. Bg5 Bg7 12. Qd6 f6 13. Be3 b6 14. Rad1 a6 15. Bc4+ Kh8 16. Nd5 Nxd5 17. Bxd5 Ra7 18. b4 Qc7 19. bxc5 b5 20. Bf4 Qxd6 21. Bxd6 Bb7 22. Bxf8 Bxf8 23. Bxb7 Rxb7 24. Rd5 b4 25. Red1 Rb5 26. Rxd7 Rxc5 27. g3 Kg8 28. Ra7 Re5 29. Rd8 Rxe4 30. Raa8 Re1+ 31. Kg2 1-0

[Event "ROM-chT"]
[Site "Romania"]
[Date "2002.??.??"]
[Round "1"]
[White "Ignatescu, Radu Mihai"]
[Black "Negulescu, Adrian"]
[Result "0-1"]
[WhiteElo "2273"]
[BlackElo "2449"]
[PlyCount "56"]
[EventDate "2002.??.??"]
[EventType "team"]
[EventRounds "5"]
[EventCountry "ROU"]
[SourceTitle "EXT 2008"]
[Source "ChessBase"]
[SourceDate "2007.11.25"]
[SourceVersion "1"]
[SourceVersionDate "2007.11.25"]
[SourceQuality "1"]

1. d4 Nf6 2. Bg5 d5 3. Nf3 Ne4 4. h4 c5 5. e3 Qb6 6. Nc3 Nxc3 7. bxc3 Nc6 8. Be2 e6 9. 0-0 h6 10. Bf4 Be7 11. Rb1 Qa5 12. Be5 0-0 13. Qd3 Nxe5 14. Nxe5 c4 15. Qd2 Bxh4 16. e4 dxe4 17. Bxc4 Bf6 18. Rb5 Qd8 19. Ng4 Bg5 20. Qe2 f5 21. Ne3 Kh8 22. f4 exf3 23. Rxf3 a6 24. Rb1 b5 25. Bb3 Bb7 26. Rff1 Qd6 27. d5 Qc5 28. Rbe1 f4 0-1

[Event "ROM-chT"]
[Site "Romania"]
[Date "2002.??.??"]
[Round "5"]
[White "Negulescu, Adrian"]
[Black "Chernov, Vadim A"]
[Result "1/2-1/2"]
[WhiteElo "2449"]
[BlackElo "2436"]
[PlyCount "34"]
[EventDate "2002.??.??"]
[EventType "team"]
[EventRounds "5"]
[EventCountry "ROU"]
[SourceTitle "EXT 2008"]
[Source "ChessBase"]
[SourceDate "2007.11.25"]
[SourceVersion "1"]
[SourceVersionDate "2007.11.25"]
[SourceQuality "1"]

1. e4 c5 2. Nf3 e6 3. b3 b6 4. Bb2 Bb7 5. Nc3 a6 6. Qe2 Nc6 7. 0-0-0 Rc8 8. Kb1 Qc7 9. d4 Nxd4 10. Nxd4 cxd4 11. Rxd4 Bc5 12. Rd3 b5 13. g3 Nf6 14. Bg2 0-0 15. f4 d6 16. Rhd1 e5 17. f5 Bd4 1/2-1/2

[Event "Philadelphia National op 32nd"]
[Site "Philadelphia"]
[Date "2001.11.25"]
[Round "5"]
[White "Mazock, Michael J"]
[Black "Negulescu, Adrian"]
[Result "0-1"]
[WhiteElo "2171"]
[BlackElo "2464"]
[PlyCount "50"]
[EventDate "2001.11.23"]
[EventType "swiss"]
[EventRounds "6"]
[EventCountry "USA"]
[SourceTitle "CBM 085 Extra"]
[Source "ChessBase"]
[SourceDate "2002.01.21"]
[SourceVersion "1"]
[SourceVersionDate "2002.01.21"]
[SourceQuality "1"]

1. d4 Nf6 2. c4 c5 3. d5 g6 4. Nc3 Bg7 5. e4 0-0 6. Bg5 d6 7. f3 e6 8. Qd2 exd5 9. Nxd5 Be6 10. Ne2 Bxd5 11. cxd5 Nbd7 12. Nc3 a6 13. Be2 b5 14. 0-0 Re8 15. a4 b4 16. Nd1 Qe7 17. Ne3 Nxe4 18. fxe4 Qxg5 19. Bd3 Bxb2 20. h4 Qh6 21. Qxb2 Qxe3+ 22. Qf2 Qxf2+ 23. Rxf2 Ne5 24. Be2 c4 25. Rc1 Rac8 0-1

[Event "Philadelphia National op 32nd"]
[Site "Philadelphia"]
[Date "2001.11.25"]
[Round "6"]
[White "Negulescu, Adrian"]
[Black "Pixton, Aaron"]
[Result "1/2-1/2"]
[WhiteElo "2464"]
[BlackElo "2300"]
[PlyCount "82"]
[EventDate "2001.11.23"]
[EventType "swiss"]
[EventRounds "6"]
[EventCountry "USA"]
[SourceTitle "CBM 085 Extra"]
[Source "ChessBase"]
[SourceDate "2002.01.21"]
[SourceVersion "1"]
[SourceVersionDate "2002.01.21"]
[SourceQuality "1"]

1. e4 c5 2. Nf3 d6 3. Bb5+ Bd7 4. Bxd7+ Nxd7 5. 0-0 Ngf6 6. Re1 e6 7. c4 Ne5 8. d3 Be7 9. b3 Nfd7 10. Bb2 Bf6 11. Nxe5 Bxe5 12. d4 cxd4 13. Bxd4 Qf6 14. Bxe5 Qxe5 15. Nd2 0-0 16. Nf3 Qc5 17. Qd2 Rfd8 18. Rad1 Ne5 19. Re3 h6 20. Qb2 Rac8 21. h3 b5 22. cxb5 Qxb5 23. Nxe5 dxe5 24. Rxd8+ Rxd8 25. Qc2 Qd7 26. Rc3 Qd1+ 27. Kh2 Qd2 28. Rc8 Kh7 29. Qxd2 Rxd2 30. Rc7 Rxa2 31. Rxf7 Kg6 32. Re7 Kf6 33. Re8 a5 34. Ra8 Ra3 35. f3 Rxb3 36. Rxa5 h5 37. h4 g6 38. Ra2 Re3 39. Ra1 Rb3 40. Kh3 Rc3 41. Rf1 Re3 1/2-1/2

[Event "Northern Virginia op"]
[Site "Mt Vernon"]
[Date "2001.11.04"]
[Round "5"]
[White "Sevillano, Enrico"]
[Black "Negulescu, Adrian"]
[Result "1/2-1/2"]
[WhiteElo "2462"]
[BlackElo "2448"]
[PlyCount "30"]
[EventDate "2001.11.03"]
[EventType "swiss"]
[EventRounds "6"]
[EventCountry "USA"]
[SourceTitle "CBM 085 Extra"]
[Source "ChessBase"]
[SourceDate "2002.01.21"]
[SourceVersion "1"]
[SourceVersionDate "2002.01.21"]
[SourceQuality "1"]

1. e4 c6 2. d4 d5 3. Nc3 g6 4. Nf3 Bg7 5. Be2 dxe4 6. Nxe4 Nd7 7. Bf4 Ngf6 8. Nxf6+ Nxf6 9. Be5 Qb6 10. Qc1 0-0 11. 0-0 c5 12. a4 cxd4 13. Bxd4 Qc7 14. Be5 Qc5 15. Bd4 Qc7 1/2-1/2

[Event "Bucharest Spring"]
[Site "Bucharest"]
[Date "2001.04.16"]
[Round "11"]
[White "Negulescu, Adrian"]
[Black "Vajda, Albert"]
[Result "1/2-1/2"]
[WhiteElo "2510"]
[BlackElo "2409"]
[PlyCount "20"]
[EventDate "2001.04.06"]
[EventType "tourn"]
[EventRounds "11"]
[EventCountry "ROU"]
[EventCategory "8"]
[SourceTitle "CBM 082 Extra"]
[Source "ChessBase"]
[SourceDate "2001.07.03"]
[SourceVersion "1"]
[SourceVersionDate "2001.07.03"]
[SourceQuality "1"]

1. e4 c5 2. Nf3 e6 3. c3 d5 4. exd5 Qxd5 5. d4 Nc6 6. Na3 cxd4 7. Nb5 Qd8 8. Nbxd4 Nxd4 9. Qxd4 Qxd4 10. Nxd4 a6 1/2-1/2

[Event "Bucharest Spring"]
[Site "Bucharest"]
[Date "2001.04.11"]
[Round "6"]
[White "Jovanovic, Nenad"]
[Black "Negulescu, Adrian"]
[Result "1/2-1/2"]
[WhiteElo "2351"]
[BlackElo "2510"]
[PlyCount "21"]
[EventDate "2001.04.06"]
[EventType "tourn"]
[EventRounds "11"]
[EventCountry "ROU"]
[EventCategory "8"]
[SourceTitle "CBM 082 Extra"]
[Source "ChessBase"]
[SourceDate "2001.07.03"]
[SourceVersion "1"]
[SourceVersionDate "2001.07.03"]
[SourceQuality "1"]

1. Nf3 d5 2. b3 c6 3. Bb2 Bg4 4. g3 Nf6 5. Bg2 Nbd7 6. d3 Bxf3 7. exf3 e5 8. 0-0 Bd6 9. Qd2 0-0 10. Nc3 Re8 11. Ne2 1/2-1/2

[Event "Bucharest Spring"]
[Site "Bucharest"]
[Date "2001.04.10"]
[Round "5"]
[White "Negulescu, Adrian"]
[Black "Slovineanu, Viacheslav"]
[Result "1/2-1/2"]
[WhiteElo "2510"]
[BlackElo "2412"]
[PlyCount "27"]
[EventDate "2001.04.06"]
[EventType "tourn"]
[EventRounds "11"]
[EventCountry "ROU"]
[EventCategory "8"]
[SourceTitle "CBM 082 Extra"]
[Source "ChessBase"]
[SourceDate "2001.07.03"]
[SourceVersion "1"]
[SourceVersionDate "2001.07.03"]
[SourceQuality "1"]

1. e4 c5 2. Nf3 e6 3. b3 Nf6 4. e5 Nd5 5. Bb2 Nc6 6. g3 d6 7. exd6 Nf6 8. Bg2 Bxd6 9. 0-0 0-0 10. Re1 Bd7 11. Na3 Be7 12. Nc4 Qc7 13. Nfe5 Rad8 14. d3 1/2-1/2

[Event "Bucharest Spring"]
[Site "Bucharest"]
[Date "2001.04.07"]
[Round "2"]
[White "Cioara, Andrei Nestor"]
[Black "Negulescu, Adrian"]
[Result "0-1"]
[WhiteElo "2410"]
[BlackElo "2510"]
[PlyCount "80"]
[EventDate "2001.04.06"]
[EventType "tourn"]
[EventRounds "11"]
[EventCountry "ROU"]
[EventCategory "8"]
[SourceTitle "CBM 082 Extra"]
[Source "ChessBase"]
[SourceDate "2001.07.03"]
[SourceVersion "1"]
[SourceVersionDate "2001.07.03"]
[SourceQuality "1"]

1. e4 e6 2. d4 d5 3. Nd2 dxe4 4. Nxe4 Bd7 5. Nf3 Bc6 6. Bd3 Nd7 7. 0-0 Ngf6 8. Ng3 Bxf3 9. Qxf3 c6 10. Re1 Be7 11. c4 Nf8 12. Be3 Ng6 13. Rad1 0-0 14. a3 Qc7 15. Bg5 Rfd8 16. h4 Nf8 17. h5 h6 18. Bf4 Qd7 19. Bb1 N8h7 20. Be5 Bd6 21. Qe2 Qe7 22. f4 Nf8 23. Qf3 Rd7 24. f5 Bxe5 25. Rxe5 Rad8 26. fxe6 fxe6 27. Ne2 c5 28. d5 Qd6 29. Re3 exd5 30. cxd5 Re7 31. Rxe7 Qxe7 32. Ng3 Qe5 33. Qc3 Qg5 34. Nf5 Nxh5 35. Rf1 g6 36. d6 gxf5 37. Rxf5 Qg7 38. Rxh5 Qxc3 39. bxc3 Rxd6 40. Rxc5 Rd1+ 0-1

[Event "ROM-chT"]
[Site "Sovata"]
[Date "2001.03.25"]
[Round "5"]
[White "Negulescu, Adrian"]
[Black "Nanu, Ciprian Costica"]
[Result "1/2-1/2"]
[WhiteElo "2510"]
[BlackElo "2418"]
[PlyCount "20"]
[EventDate "2001.03.21"]
[EventType "team"]
[EventRounds "5"]
[EventCountry "ROU"]
[SourceTitle "EXT 2003"]
[Source "ChessBase"]
[SourceDate "2002.11.25"]
[SourceVersion "1"]
[SourceVersionDate "2002.11.25"]
[SourceQuality "1"]

1. d4 d5 2. c4 dxc4 3. Nf3 Bg4 4. e3 e6 5. Bxc4 Nd7 6. h3 Bxf3 7. Qxf3 c6 8. Nc3 Ngf6 9. 0-0 Be7 10. Rd1 0-0 1/2-1/2

[Event "ROM-chT"]
[Site "Sovata"]
[Date "2001.03.24"]
[Round "4"]
[White "Grigore, George Gabriel"]
[Black "Negulescu, Adrian"]
[Result "1-0"]
[WhiteElo "2483"]
[BlackElo "2510"]
[PlyCount "65"]
[EventDate "2001.03.21"]
[EventType "team"]
[EventRounds "5"]
[EventCountry "ROU"]
[SourceTitle "EXT 2003"]
[Source "ChessBase"]
[SourceDate "2002.11.25"]
[SourceVersion "1"]
[SourceVersionDate "2002.11.25"]
[SourceQuality "1"]

1. d4 d5 2. c4 c6 3. Nc3 Nf6 4. cxd5 cxd5 5. Bf4 Nc6 6. e3 a6 7. Bd3 e6 8. Rc1 Bd6 9. Bxd6 Qxd6 10. f4 0-0 11. Nf3 g6 12. Ne5 Nd7 13. 0-0 f5 14. g4 Ndxe5 15. fxe5 Qe7 16. gxf5 gxf5 17. Kh1 Kh8 18. Ne2 Bd7 19. Nf4 Be8 20. a3 Rg8 21. Qf3 Bf7 22. Qh3 Rac8 23. Nxd5 exd5 24. Bxf5 Bg6 25. Bxg6 Rcf8 26. Bd3 Nd8 27. Rxf8 Rxf8 28. Rf1 Rxf1+ 29. Qxf1 Ne6 30. Qf6+ Qxf6 31. exf6 Nf8 32. Bf5 b6 33. Bc8 1-0

[Event "ROM-chT"]
[Site "Sovata"]
[Date "2001.03.21"]
[Round "1"]
[White "Iordachescu, Viorel"]
[Black "Negulescu, Adrian"]
[Result "0-1"]
[WhiteElo "2578"]
[BlackElo "2510"]
[PlyCount "84"]
[EventDate "2001.03.21"]
[EventType "team"]
[EventRounds "5"]
[EventCountry "ROU"]
[SourceTitle "EXT 2003"]
[Source "ChessBase"]
[SourceDate "2002.11.25"]
[SourceVersion "1"]
[SourceVersionDate "2002.11.25"]
[SourceQuality "1"]

1. e4 e6 2. d4 d5 3. Nc3 dxe4 4. Nxe4 Bd7 5. c4 Bc6 6. Nc3 Nf6 7. Be3 Be7 8. f3 b6 9. Qc2 Nbd7 10. 0-0-0 Bb7 11. Nh3 Qc8 12. Bd3 0-0 13. Ng5 h6 14. h4 Rd8 15. Bh7+ Kf8 16. Bg6 hxg5 17. hxg5 fxg6 18. Qxg6 Kg8 19. gxf6 Bxf6 20. Ne4 Bxe4 21. Qxe4 Nf8 22. g4 Qa6 23. Qc6 Rac8 24. g5 Rd6 25. Qe4 Qxc4+ 26. Kb1 Be7 27. Bf4 Rd7 28. Be5 Bd6 29. f4 Qd5 30. Qc2 Bxe5 31. fxe5 Rf7 32. Rh4 Qf3 33. Ka1 Rf4 34. Rh2 c5 35. d5 Rc4 36. Qb1 Qe4 37. d6 Qxb1+ 38. Kxb1 Nd7 39. g6 Nxe5 40. Re2 Nxg6 41. d7 Rd8 42. Rxe6 Kf7 0-1

[Event "ROM-ch sf"]
[Site "Sovata"]
[Date "2001.03.15"]
[Round "8"]
[White "Negulescu, Adrian"]
[Black "Berechet, Otiliu"]
[Result "0-1"]
[WhiteElo "2510"]
[BlackElo "2223"]
[PlyCount "70"]
[EventDate "2001.03.10"]
[EventType "swiss"]
[EventRounds "11"]
[EventCountry "ROU"]
[SourceTitle "EXT 2008"]
[Source "ChessBase"]
[SourceDate "2007.11.25"]
[SourceVersion "1"]
[SourceVersionDate "2007.11.25"]
[SourceQuality "1"]

1. e4 c5 2. Nf3 e6 3. b3 b6 4. Bb2 Bb7 5. Nc3 Nc6 6. d4 cxd4 7. Nxd4 a6 8. g3 Nf6 9. Bg2 Qc7 10. 0-0 Nxd4 11. Qxd4 Bc5 12. Qd2 b5 13. Qg5 Kf8 14. e5 Ne8 15. Ne4 Bxe4 16. Bxe4 Ra7 17. Rad1 Be7 18. Qe3 Bc5 19. Qf3 Qd8 20. Rd2 Qe7 21. Rfd1 f6 22. a3 h5 23. b4 Bb6 24. Bg6 f5 25. Bxh5 g5 26. Bxe8 g4 27. Qg2 Kxe8 28. Rd6 Qd8 29. Qf1 Bc7 30. R6d2 Rh7 31. c4 Qb8 32. Re1 Qb7 33. Bd4 Ra8 34. Rc1 Kf7 35. Bb2 Rxh2 0-1

[Event "Virginia Beach Millennium op 2nd"]
[Site "Virginia Beach"]
[Date "2001.03.03"]
[Round "2"]
[White "Negulescu, Adrian"]
[Black "Mazock, Michael J"]
[Result "1-0"]
[WhiteElo "2510"]
[BlackElo "2165"]
[PlyCount "114"]
[EventDate "2001.03.02"]
[EventType "swiss"]
[EventRounds "5"]
[EventCountry "USA"]
[SourceTitle "CBM 081 Extra"]
[Source "ChessBase"]
[SourceDate "2001.05.06"]
[SourceVersion "1"]
[SourceVersionDate "2001.05.06"]
[SourceQuality "1"]

1. e4 c5 2. Nf3 d6 3. Bb5+ Nd7 4. d4 cxd4 5. Qxd4 a6 6. Bxd7+ Bxd7 7. 0-0 Nf6 8. Bg5 Qc7 9. Nc3 Rc8 10. Rfe1 Qc5 11. Qd2 h6 12. Bh4 g5 13. Bg3 Nh5 14. e5 Nxg3 15. hxg3 dxe5 16. Nxe5 Bc6 17. Nxc6 Qxc6 18. Nd5 f6 19. Rad1 Kf7 20. Qe2 e6 21. Qh5+ Kg7 22. Ne3 Bc5 23. Ng4 Rc7 24. Rd3 Qe8 25. Qxe8 Rxe8 26. c3 h5 27. Ne3 Kf7 28. Red1 Ree7 29. Kf1 Bxe3 30. fxe3 Ke8 31. Rd8+ Kf7 32. Ke2 Re8 33. R8d6 Rc4 34. Rb6 Re7 35. Rd8 h4 36. gxh4 Rxh4 37. Rb8 f5 38. R8xb7 Rxb7 39. Rxb7+ Kf6 40. Rb6 Rg4 41. Kf3 Ra4 42. a3 g4+ 43. Ke2 f4 44. exf4 Re4+ 45. Kf2 Rxf4+ 46. Kg3 Re4 47. Rxa6 Re2 48. Rb6 Kf5 49. a4 e5 50. a5 Re1 51. a6 Ra1 52. b4 Ra3 53. Rc6 e4 54. Rc5+ Ke6 55. Kxg4 Rxa6 56. Kf4 Ra2 57. g4 Rg2 1-0